Out-of-print and special collection materials: acquisition and purchasing options

Bibliographic Details
Other Authors: Overmier, Judith 1939- (edi)
Format: Book
Language:English
PhysicalDescription:128 s. tab. 23 cm
Published: New York Haworth Information Press c2002
ISBN:0789016745
Edition:[1st ed.]
Subjects:

MARC

LEADER 00000nam a2200000 a 4500
001 vtls001467374
003 SK-MaSNL
005 20260302002647.0
008 040130s2002 US 0 eng
020 |a 0789016745 
035 |a SNK000422679 
040 |a SNK  |b slo  |c SNK  |e AACR2 
043 |a n-us--- 
044 |a US 
072 7 |a 025  |x Organizácia knižníc a knižničných fondov  |2 konspekt 
080 |a 025.2  |2 1981 
080 |a 026/027  |2 1981 
080 |a (73)  |2 1981 
245 1 |a Out-of-print and special collection materials: acquisition and purchasing options  |c Judith Overmier, editor 
250 |a [1st ed.] 
260 |a New York  |b Haworth Information Press  |c c2002 
300 |a 128 s.  |b tab.  |c 23 cm 
500 |a Co-published simultaneously as The Acquisitions Librarian, number 27, 2002 
650 0 7 |a knižnice  |z Spojené štáty americké  |2 SNK  |9 640317 
650 0 7 |a akvizícia  |z Spojené štáty americké  |2 SNK  |9 640318 
650 0 7 |a pramene  |2 SNK  |9 640319 
655 7 |a príručky  |2 SNK  |9 74364 
655 7 |a štúdie  |2 SNK  |9 57033 
700 1 |a Overmier, Judith  |d 1939-  |4 edi  |9 640320 
919 |a 0-7890-1674-5 
999 |c 988939  |d 990869 
952 |t P60, <04>, [BOOK], {604}  |a SNK  |b SNK  |y VYP  |7 0  |p 17A0414768  |o snkIC 131213  |i snkV 370/2004  |g 59.02  |0 0  |1 0  |4 0  |d 2004-01-30  |l 0  |r 2005-01-02 00:00:00  |w 2026-02-24